| 000 | 02618cam a22004098a 4500 | ||
|---|---|---|---|
| 001 | 00012923 | ||
| 003 | WSP | ||
| 005 | 20260416153410.0 | ||
| 007 | cr |nu|||unuuu | ||
| 008 | 220529s2022 si ob 001 0 eng | ||
| 010 | _a 2022013706 | ||
| 040 |
_aWSPC _beng _cWSPC |
||
| 020 |
_a9789811259494 _q(ebook) |
||
| 020 |
_a9811259496 _q(ebook) |
||
| 020 |
_z9789811259487 _q(hbk.) |
||
| 020 |
_z9811259488 _q(hbk.) |
||
| 042 | _apcc | ||
| 050 | 0 | 0 |
_aQD940 _b.B45 2022 |
| 072 | 7 |
_aSCI _x077000 _2bisacsh |
|
| 072 | 7 |
_aSCI _x065000 _2bisacsh |
|
| 082 | 0 | 0 |
_a548/.85 _223 |
| 049 | _aMAIN | ||
| 100 | 1 | _aBelanger, David P. | |
| 245 | 1 | 0 |
_aMagnetic phase transitions in single crystals/ _cDavid P. Belanger. |
| 260 |
_aSingapore : _bWorld Scientific, _c2022. |
||
| 300 | _a1 online resource (248 p.). | ||
| 504 | _aIncludes bibliographical references and index. | ||
| 505 | 0 | _aAn introduction to phase transitions and universality -- Universal critical behavior from theory and simulations -- Background on experimental techniques -- Critical behavior experiments on anisotropic and isotropic antiferomagnets -- Domains, excitations, and spin-glass-like behaviors -- Experiments on pure magnets with frustration -- The unusual magnetism of LaCoO3; a thermally excited exchange interaction and ordering at twin interfaces -- Conclusions and outstanding questions. | |
| 520 |
_a"Magnetic crystals are ideal systems to study the universal properties of phase transitions, particularly systems with quenched randomness and frustration. Pure systems with different symmetries provide the foundation for studies in corresponding systems with quenched randomness. Because phenomena near phase transitions have universal properties, results from bulk magnetic crystals provide a basis for understanding phase transitions in films and nanoparticles, as well as many non-magnetic materials. This motivates the subject of this book, which discusses and studies phase transitions in magnetic crystals from the perspective of an experimentalist who has done extensive work in the field. The advantage is that many experimental techniques are described in sufficient detail for a good understanding of the results and their comparison to theory"-- _cProvided by publisher. |
||
| 538 | _aMode of access: World Wide Web. | ||
| 538 | _aSystem requirements: Adobe Acrobat reader. | ||
| 650 | 0 |
_aCrystals _xMagnetic properties. |
|
| 650 | 0 | _aPhase transformations (Statistical physics) | |
| 655 | 0 | _aElectronic books. | |
| 856 | 4 | 0 | _uhttps://www.worldscientific.com/worldscibooks/10.1142/12923#t=toc |
| 942 | _cE-BOOK | ||
| 999 |
_c49745 _d49745 |
||